IFM Opac

UK Taxation Of Offshore Oil and Gas (Record no. 17956)

MARC details
000 -LEADER
fixed length control field 00425nam a22001577a 4500
020 ## - INTERNATIONAL STANDARD BOOK NUMBER
International Standard Book Number 0 406 22066 2
082 ## - DEWEY DECIMAL CLASSIFICATION NUMBER
Classification number 343.410 66 HAY
100 ## - MAIN ENTRY--PERSONAL NAME
Personal name Hayllar,R.F.
245 ## - TITLE STATEMENT
Title UK Taxation Of Offshore Oil and Gas
260 ## - PUBLICATION, DISTRIBUTION, ETC.
Place of publication, distribution, etc. London
Name of publisher, distributor, etc. Butterworth&Co publishers Ltd
Date of publication, distribution, etc. 1977
300 ## - PHYSICAL DESCRIPTION
Extent 211p.
Other physical details ill,;25cm
500 ## - GENERAL NOTE
General note includes; index
650 ## - SUBJECT ADDED ENTRY--TOPICAL TERM
Topical term or geographic name entry element UK Taxation Of Offshore Oil and Gas
700 ## - ADDED ENTRY--PERSONAL NAME
Personal name Pleasance, R.T.
942 ## - ADDED ENTRY ELEMENTS (KOHA)
Koha item type Books

No items available.